000 00500nam a2200181Ia 4500
001 8523
005 20260306160615.0
008 260306t2017||||xx |||||||||||||| ||spa||
041 _aESP
082 _a371.102
_bC82
100 _aCortés - Lozano, Astrid Ximena
_eAUT
245 0 _aFormación docente y calidad universitaria:
_buna apuesta necesaria desde lo social y el agro
260 _c2017
300 _a142 páginas :
_c23 cm.
650 _aGEN
654 _aCED
942 _cLIB
_dJUS
_fJUS
_2ddc
_n
999 _c8523
_d8523